000
00293nam a22001337a 4500
008
180927b xxu||||| |||| 00| 0 eng d
020
_a
9781582551678
041
_a
eng
080
_a
610.73
100
_a
1
101
_a
INF
245
_a
Nursing Procedures
_c
Schilling,J.A
942
_2
udc
_c
BK
999
_c
48607
_d
48607